000
00327nam a22001457a 4500
003
OSt
005
20160727222349.0
008
160621b xxu||||| |||| 00| 0 eng d
040
_c
Test
100
_9
335
_a
Montgomery, R
245
_a
Wild n Wacky
260
_a
Review and Herald
_c
2001
300
_a
Wild n Wacky
942
_2
ddc
_c
BK
999
_c
269
_d
269